000
00327 a2200145 4500
001
177761
020
_a
040
_c
Magnum
100
_a
Hewavisenti, Lakshmi
240
1
0
_a
Matematica divertida: contas
_l
por
245
1
0
_a
Matematica divertida: contas
362
0
_a
1899
697
_a
MAGNITO: PARADIDATICO
942
_c
BK
999
_c
177761
_d
177761